000 01098nam a2200313 i 4500
001 000004060
003 DO-SdBNP
005 20250630104810.0
007 ta
008 090716s2008 dr 001 0 spa d
020 _z9789993456469
040 _aDO-SdBNP
_bspa
_cBNPHU
_erda
082 4 _aRD863.44
_bT866a
_222
100 1 _aTrujillo Ricart, Aída,
_d1952-
_912112
_eautora
245 1 0 _aA la sombra de mi abuelo /
_cAída Trujillo ; dirección editorial, Bismar Galán.
264 1 _aSanto Domingo :
_bNorma,
_c2008.
300 _a331 páginas ;
_c24 cm.
336 _2rdacontent
_atexto
_btxt
337 _2rdamedia
_asin mediación
_bn
338 _2rdacarrier
_avolumen
_bnc
590 _aInventariado, 2019/VM
600 1 4 _aTrujillo Molina, Rafael Leónidas,
_d1891-1961
_vNovela
_912113
650 4 _aNovela histórica dominicana.
_9860
650 0 _aLiteratura dominicana.
_967
650 4 _aHistoria en la literatura
_91300
651 0 _aREPÚBLICA DOMINICANA
_xHISTORIA
_yERA DE TRUJILLO, 1930-1961
_xNOVELA
_921999
910 _aValidado. Control de calidad MMOLINA
942 _2ddc
_cLBS1
999 _c3879
_d3879